[Event "Groningen Combinatie op"]
[Site "Groningen"]
[Date "2023.05.20"]
[Round "4"]
[White "Hommes, Elmar"]
[Black "Aden, Meino"]
[Result "1-0"]
[WhiteElo "2050"]
[BlackElo "1897"]
[PlyCount "53"]
[EventDate "2023.05.18"]
[EventType "swiss"]
[EventRounds "7"]
[EventCountry "NED"]
[SourceTitle "CBM 214 Extra"]
[Source "ChessBase"]
[SourceDate "2023.07.31"]
[SourceVersion "1"]
[SourceVersionDate "2023.07.31"]
[SourceQuality "1"]

1. Nf3 Nf6 2. c4 e6 3. d4 d5 4. g3 c6 5. Bg2 Be7 6. 0-0 0-0 7. Qc2 Nbd7 8. Bf4 b6 9. cxd5 cxd5 10. Qc6 Ba6 11. Nc3 Qc8 12. Qa4 Qb7 13. Rfe1 b5 14. Qd1 b4 15. Na4 Rac8 16. Ne5 Nb6 17. Nc5 Bxc5 18. dxc5 Rxc5 19. a3 bxa3 20. Rxa3 Nc4 21. Nxc4 Bxc4 22. Bd6 Rfc8 23. Bxc5 Rxc5 24. Qd4 Qc7 25. b4 Rb5 26. Rxa7 Qc6 27. Qxc4 1-0

[Event "DSOL 04 Liga Gr-A 1st"]
[Site "Playchess.com INT"]
[Date "2020.07.10"]
[Round "3.3"]
[White "Aden, Meino"]
[Black "Paschitta, Frank"]
[Result "0-1"]
[WhiteElo "1814"]
[BlackElo "1777"]
[PlyCount "136"]
[EventDate "2020.06.22"]
[EventType "team-tourn (rapid)"]
[EventCountry "GER"]
[SourceTitle "EXT 2021"]
[Source "ChessBase"]
[SourceDate "2020.10.23"]
[SourceVersion "1"]
[SourceVersionDate "2020.10.23"]
[SourceQuality "1"]
[WhiteTeam "Heisfelde"]
[BlackTeam "Plochingen"]
[WhiteTeamCountry "GER"]
[BlackTeamCountry "GER"]

1. d4 Nf6 2. Bf4 e6 3. e3 c5 4. c3 Be7 5. Bd3 Nc6 6. Nd2 cxd4 7. exd4 b6 8. Ngf3 Nh5 9. Be3 Bb7 10. 0-0 d6 11. a4 Rc8 12. Qe2 Nf6 13. Rfe1 0-0 14. Bg5 Nd5 15. Bxe7 Qxe7 16. Qe4 Nf6 17. Qh4 h6 18. Ne4 Nd5 19. Qxe7 Ncxe7 20. Nxd6 Rc7 21. Nxb7 Rxb7 22. Ne5 Rd8 23. Be4 Rc7 24. Bf3 a5 25. g3 Nf5 26. Bg4 Nd6 27. f4 Nc4 28. Nxc4 Rxc4 29. f5 exf5 30. Bxf5 g6 31. Bd3 Rc7 32. Re5 Kg7 33. Rae1 Kf8 34. Kf2 Nf6 35. Kf3 Nd5 36. h3 Nf6 37. g4 Nd5 38. h4 Ne7 39. Bb5 Nc6 40. R5e4 Na7 41. Bd3 Rb7 42. c4 Nc6 43. d5 Nb4 44. Bb1 Rc7 45. b3 Na6 46. R4e3 Nc5 47. Bc2 Na6 48. Kg3 Nb4 49. Bb1 Na6 50. Rf1 Kg7 51. g5 hxg5 52. hxg5 Rcd7 53. Bd3 Nc5 54. Be2 Nb7 55. Bg4 Rc7 56. Rh1 Rh8 57. Rxh8 Kxh8 58. Re8+ Kg7 59. Kf4 Nd6 60. Rd8 Nb7 61. Rd7 Rxd7 62. Bxd7 Nc5 63. Bc6 f6 64. d6 fxg5+ 65. Kxg5 Ne6+ 66. Kg4 Kf6 67. d7 Ke7 68. Kf3 Nd4+ 0-1

[Event "Groningen Combinatie op"]
[Site "Groningen"]
[Date "2018.05.10"]
[Round "1"]
[White "Aden, Meino"]
[Black "Maatman, Nick"]
[Result "0-1"]
[WhiteElo "1958"]
[BlackElo "2354"]
[PlyCount "60"]
[EventDate "2018.05.10"]
[EventType "swiss"]
[EventRounds "7"]
[EventCountry "NED"]
[SourceTitle "CBM 184 Extra"]
[Source "ChessBase"]
[SourceDate "2018.06.28"]
[SourceVersion "1"]
[SourceVersionDate "2018.06.28"]
[SourceQuality "1"]

1. d4 Nf6 2. Bf4 b6 3. e3 Bb7 4. Nf3 e6 5. Be2 Bd6 6. Bxd6 cxd6 7. c3 0-0 8. Nbd2 Ne4 9. 0-0 f5 10. Nxe4 fxe4 11. Nd2 d5 12. f3 Qg5 13. f4 Qe7 14. Qe1 Nc6 15. Qg3 a5 16. Qf2 Ba6 17. Bxa6 Rxa6 18. Qe2 Raa8 19. Qb5 Na7 20. Qb3 b5 21. a3 Nc6 22. Rab1 Rab8 23. f5 a4 24. Qa2 Qg5 25. Nxe4 dxe4 26. fxe6 d5 27. Rf4 Ne7 28. Rbf1 Rxf4 29. Rxf4 Rf8 30. h4 Qg3 0-1

[Event "Niedersachsen-ch op A"]
[Site "Verden"]
[Date "2018.01.06"]
[Round "6"]
[White "Bargsten, Justus"]
[Black "Aden, Meino"]
[Result "0-1"]
[WhiteElo "1896"]
[BlackElo "1924"]
[PlyCount "28"]
[EventDate "2018.01.04"]
[EventType "swiss"]
[EventRounds "7"]
[EventCountry "GER"]
[SourceTitle "EXT 2022"]
[Source "ChessBase"]
[SourceDate "2021.10.06"]
[SourceVersion "1"]
[SourceVersionDate "2021.10.06"]
[SourceQuality "1"]

1. e4 e6 2. d4 d5 3. Nd2 c5 4. exd5 exd5 5. Ngf3 Nc6 6. dxc5 Bxc5 7. Nb3 Bb6 8. Bg5 Nf6 9. Qe2+ Be6 10. g3 h6 11. Be3 d4 12. Rd1 Bxb3 13. axb3 0-0 14. Qb5 Qe7 0-1

[Event "Niedersachsen-ch op"]
[Site "Verden"]
[Date "2016.01.03"]
[Round "1"]
[White "Margraf, Daniel"]
[Black "Aden, Meino"]
[Result "1-0"]
[WhiteElo "2265"]
[BlackElo "1970"]
[PlyCount "97"]
[EventDate "2016.01.03"]
[EventType "swiss"]
[EventRounds "7"]
[EventCountry "GER"]
[SourceTitle "EXT 2018"]
[Source "ChessBase"]
[SourceDate "2017.10.13"]
[SourceVersion "1"]
[SourceVersionDate "2017.10.13"]
[SourceQuality "1"]

1. e4 e6 2. d4 d5 3. Nd2 c5 4. Ngf3 Nc6 5. dxc5 Bxc5 6. Bd3 Nf6 7. 0-0 dxe4 8. Nxe4 Be7 9. Qe2 0-0 10. Bg5 Nd4 11. Nxd4 Qxd4 12. c3 Qd8 13. Rad1 Nd5 14. Qh5 f5 15. c4 Nb4 16. Bb1 Qc7 17. Bxe7 Qxe7 18. Ng5 h6 19. Nf3 Qf6 20. a3 Nc6 21. b4 e5 22. c5 Be6 23. b5 Nd4 24. Nxd4 exd4 25. Qf3 Rab8 26. Rfe1 Rfd8 27. Qf4 Bb3 28. Rd2 Re8 29. Rc1 Qe5 30. Qxe5 Rxe5 31. f4 Re3 32. Rxd4 Be6 33. a4 Rc8 34. Bd3 Re8 35. Kf2 Bc8 36. Rd5 g6 37. Rc2 Kg7 38. Rd6 Re1 39. c6 b6 40. c7 R1e6 41. Rd8 Kf8 42. g3 Kg7 43. Bc4 R6e7 44. Bd5 Rf8 45. Rc6 Rfe8 46. Bf3 g5 47. Bh5 Rh8 48. Rg6+ Kh7 49. Rxh8+ 1-0